000
00271nam a22001217a 4500
008
180301b xxu||||| |||| 00| 0 eng d
041
_a
eng
080
_a
710
100
_a
45
101
_a
ART
245
_a
CINCINATI ART MUSEUM HANDBOOK
_c
ROBERT,P
942
_2
udc
_c
BK
999
_c
43890
_d
43890